| 000 | 00789nam a22002175i 4500 | ||
|---|---|---|---|
| 001 | 171871 | ||
| 003 | ES-MaACL | ||
| 005 | 20250902061256.0 | ||
| 008 | 090604s1969 sp |||| | spa d | ||
| 080 | _a658.5.01 | ||
| 080 | _a658.011:54/.56 | ||
| 100 | 1 |
_aSollenberger, Harold M. _9140501 |
|
| 245 | 1 | 3 |
_aLa reorganización de la empresa por la implantación de un sistema de procesamiento de datos / _cpor Harold M. Sollenberger ; [traductor: José Mª Sáenz]. |
| 260 |
_aMadrid : _bIberia Europea de Ediciones, _c[1969] |
||
| 300 |
_a143 p. ; _c21 cm. |
||
| 650 | 1 | 4 |
_aEmpresas- _xServicios de información. _9140504 |
| 650 | 0 | 4 |
_aEmpresas- _xAutomatización _912214 |
| 700 | 1 |
_aSáenz, José María. _9183050 |
|
| 852 |
_aES-MaACL _jC-49907 _9R.71991 |
||
| 999 |
_c171871 _d171871 |
||